|
|
|
|
| LEADER |
01021nam a2200277 u 4500 |
| 001 |
10032016 |
| 003 |
upatras |
| 005 |
20210117210131.0 |
| 008 |
000131s1991 uk eng |
| 020 |
|
|
|a 0174481802
|
| 040 |
|
|
|a GR-PaULI
|c GR-PaULI
|
| 041 |
0 |
|
|a eng
|
| 082 |
0 |
4 |
|a 004
|
| 100 |
1 |
|
|a Bishop, Peter
|9 115598
|
| 245 |
1 |
0 |
|a Computer science
|c Peter Bishop
|
| 250 |
|
|
|a 3rd edition
|
| 260 |
|
|
|a Surrey
|b Nelson
|c 1991
|
| 300 |
|
|
|a vii, 470 p.
|b fig.
|c 25 cm.
|
| 504 |
|
|
|a Includes glossary, answers to exercises and index
|
| 650 |
|
4 |
|a Ηλεκτρονικοί υπολογιστές
|9 888
|
| 650 |
|
4 |
|a Επιστήμη ηλεκτρονικών υπολογιστών
|9 523
|
| 852 |
|
|
|a GR-PaULI
|b ΠΑΤΡΑ
|b ΒΚΠ
|b ΒΣ1
|k ΑΣΧΞ
|h 004 B
|m 053036
|p 025000069821
|t 1
|
| 942 |
|
|
|2 ddc
|c BK15
|
| 952 |
|
|
|0 0
|1 0
|4 0
|6 004_000000000000000_B
|7 0
|9 202844
|a LISP
|b LISP
|c BSC
|d 2016-04-24
|i 053036
|l 0
|o 004 B
|p 025000069821
|r 2016-04-24 00:00:00
|t 1
|w 2016-04-24
|y BK15
|
| 998 |
|
|
|c ΗΛΙΟΠΟΥΛΟΥ
|d 2000-01
|
| 999 |
|
|
|c 123858
|d 123858
|